| 000 | 00440nam a22001817a 4500 | ||
|---|---|---|---|
| 999 |
_c525009 _d525009 |
||
| 003 | NUST | ||
| 005 | 20190627144839.0 | ||
| 020 | _c(Hbk) | ||
| 038 | _aM. Shaban | ||
| 082 |
_a891.4393 _bFAR |
||
| 100 |
_aFarkhi, Asif _915805 |
||
| 245 |
_aSadharth / _c Asif Farkhi |
||
| 260 |
_aLahore : _bFiction House, _c2012. |
||
| 300 | _a151 p. ; | ||
| 880 |
_6100-01\r _aآصف فرخی |
||
| 880 |
_6245-02\r _aسدھارتھ / |
||
| 942 |
_2ddc _cBK |
||